[Event "RUS-ch blitz"]
[Site "Sochi"]
[Date "2017.10.02"]
[Round "1"]
[White "Rozum, Ivan"]
[Black "Bargandzhiya, Zaza"]
[Result "1-0"]
[WhiteElo "2590"]
[BlackElo "2094"]
[PlyCount "93"]
[EventDate "2017.10.02"]
[EventType "swiss (blitz)"]
[EventRounds "20"]
[EventCountry "RUS"]
[SourceTitle "EXT 2018"]
[Source "ChessBase"]
[SourceDate "2017.10.13"]
[SourceVersion "1"]
[SourceVersionDate "2017.10.13"]
[SourceQuality "1"]

1. e4 e5 2. Nf3 Nc6 3. Bb5 a6 4. Ba4 Nf6 5. 0-0 Be7 6. Re1 b5 7. Bb3 d6 8. c3 0-0 9. h3 Na5 10. Bc2 c5 11. d4 Qc7 12. d5 Nb7 13. Nbd2 Nd8 14. Nf1 Ne8 15. Ng3 g6 16. a4 Rb8 17. Be3 Ng7 18. Nh2 f6 19. Qd2 Nf7 20. axb5 axb5 21. f4 Bd7 22. f5 Ra8 23. Rab1 g5 24. Qe2 Be8 25. h4 gxh4 26. Nh5 Nxh5 27. Qxh5 Kh8 28. Qxh4 Rg8 29. Nf3 Ng5 30. Nxg5 fxg5 31. Qh6 Bf8 32. Qf6+ Qg7 33. Qxg7+ Rxg7 34. Ra1 Rb8 35. Ra6 b4 36. c4 h6 37. Kf2 Rgb7 38. Ba4 Bxa4 39. Rxa4 Kg7 40. Kf3 Be7 41. Kg4 h5+ 42. Kxh5 Rh8+ 43. Kg4 Rh4+ 44. Kf3 Rb8 45. Ra7 Kf6 46. Rxe7 Rf4+ 47. Bxf4 1-0

[Event "Krasnodar Region-ch"]
[Site "Krasnodar"]
[Date "2014.10.11"]
[Round "9"]
[White "Panarin, Mikhail"]
[Black "Bargandzhiya, Zaza"]
[Result "1-0"]
[WhiteElo "2559"]
[BlackElo "2063"]
[PlyCount "77"]
[EventDate "2014.10.03"]
[EventType "swiss"]
[EventRounds "9"]
[EventCountry "RUS"]
[SourceTitle "EXT 2015"]
[Source "ChessBase"]
[SourceDate "2014.11.20"]
[SourceVersion "1"]
[SourceVersionDate "2014.11.20"]
[SourceQuality "1"]

1. e4 e5 2. Nf3 Nc6 3. Bb5 a6 4. Ba4 Nf6 5. 0-0 Be7 6. Re1 b5 7. Bb3 0-0 8. a4 b4 9. d4 d6 10. dxe5 Nxe5 11. Nxe5 dxe5 12. Qf3 Bc5 13. h3 Bd4 14. Nd2 Be6 15. c3 bxc3 16. bxc3 Bc5 17. Nc4 h6 18. Qg3 Bxc4 19. Bxc4 Qd6 20. a5 Nh5 21. Qf3 Qg6 22. Rb1 Rfd8 23. Rb7 Ra7 24. Rb2 Raa8 25. Kh2 Rd6 26. Be3 Bxe3 27. Qxe3 Nf4 28. g3 Ne6 29. Rb7 Rc8 30. Ra7 Ng5 31. h4 Nh7 32. Kg1 Nf6 33. Qf3 Ng4 34. Qf5 Qxf5 35. exf5 Rd2 36. Bxa6 Rb8 37. Be2 h5 38. Rxc7 Rbb2 39. a6 1-0

[Event "Krasnodar Region-ch"]
[Site "Krasnodar"]
[Date "2014.10.10"]
[Round "8"]
[White "Bargandzhiya, Zaza"]
[Black "Bryzgalin, Kirill"]
[Result "1/2-1/2"]
[WhiteElo "2063"]
[BlackElo "2449"]
[PlyCount "58"]
[EventDate "2014.10.03"]
[EventType "swiss"]
[EventRounds "9"]
[EventCountry "RUS"]
[SourceTitle "EXT 2015"]
[Source "ChessBase"]
[SourceDate "2014.11.20"]
[SourceVersion "1"]
[SourceVersionDate "2014.11.20"]
[SourceQuality "1"]

1. d4 Nf6 2. Nf3 b5 3. Bg5 Ne4 4. Bh4 Bb7 5. e3 a6 6. Nbd2 d5 7. Bd3 c5 8. c3 Nd7 9. 0-0 h6 10. a4 g5 11. Bg3 Nxg3 12. hxg3 c4 13. Bc2 Bg7 14. axb5 axb5 15. b3 0-0 16. bxc4 bxc4 17. e4 dxe4 18. Bxe4 Bxe4 19. Nxe4 Qc7 20. Qe2 Rfe8 21. Ned2 Nb6 22. Ne5 Bxe5 23. dxe5 Rxa1 24. Rxa1 Rd8 25. e6 f6 26. Qh5 Rxd2 27. Qg6+ Kh8 28. Qxh6+ Kg8 29. Qg6+ Kh8 1/2-1/2

[Event "Krasnodar Region-ch"]
[Site "Krasnodar"]
[Date "2014.10.09"]
[Round "7"]
[White "Bargandzhiya, Zaza"]
[Black "Bagdasarian, Semen"]
[Result "1-0"]
[WhiteElo "2063"]
[BlackElo "1898"]
[PlyCount "63"]
[EventDate "2014.10.03"]
[EventType "swiss"]
[EventRounds "9"]
[EventCountry "RUS"]
[SourceTitle "EXT 2015"]
[Source "ChessBase"]
[SourceDate "2014.11.20"]
[SourceVersion "1"]
[SourceVersionDate "2014.11.20"]
[SourceQuality "1"]

1. d4 Nf6 2. c4 g6 3. f3 d5 4. cxd5 Nxd5 5. e4 Nf6 6. Nc3 Bg7 7. Be3 0-0 8. Qd2 b6 9. 0-0-0 Ba6 10. Bxa6 Nxa6 11. h4 Rc8 12. Nge2 c5 13. d5 Qd7 14. h5 Rfd8 15. hxg6 hxg6 16. Bh6 Bh8 17. e5 Nh7 18. e6 Qe8 19. Bf4 fxe6 20. Rxh7 Kxh7 21. Rh1+ Kg8 22. Rxh8+ Kxh8 23. Be5+ Kh7 24. Qg5 Qf8 25. Nf4 Qh6 26. Qxe7+ Kg8 27. Qxe6+ Kf8 28. Kc2 Nb4+ 29. Kb3 Qxf4 30. Bxf4 Kg7 31. Be5+ Kh7 32. Qe7+ 1-0

[Event "Krasnodar Region-ch"]
[Site "Krasnodar"]
[Date "2014.10.04"]
[Round "2"]
[White "Zakarian, David"]
[Black "Bargandzhiya, Zaza"]
[Result "1-0"]
[WhiteElo "2400"]
[BlackElo "2063"]
[PlyCount "67"]
[EventDate "2014.10.03"]
[EventType "swiss"]
[EventRounds "9"]
[EventCountry "RUS"]
[SourceTitle "EXT 2015"]
[Source "ChessBase"]
[SourceDate "2014.11.20"]
[SourceVersion "1"]
[SourceVersionDate "2014.11.20"]
[SourceQuality "1"]

1. d4 Nf6 2. c4 e6 3. Nf3 Bb4+ 4. Bd2 Bxd2+ 5. Nbxd2 d5 6. g3 0-0 7. Bg2 Nbd7 8. 0-0 b6 9. Ne5 Bb7 10. cxd5 exd5 11. e3 Nxe5 12. dxe5 Nd7 13. f4 Qe7 14. Nb3 Nc5 15. Nd4 Rad8 16. Nf5 Qd7 17. Bh3 Kh8 18. Qg4 Ne6 19. Nd4 Qe7 20. Rac1 Nxd4 21. exd4 c5 22. f5 cxd4 23. Qxd4 Ba6 24. Rfe1 Qg5 25. Rc7 Rc8 26. Rxc8 Rxc8 27. Qxd5 Rd8 28. Qe4 Qe7 29. Bg2 Qc5+ 30. Kh1 Bd3 31. Qf4 Bc4 32. Rc1 Rd4 33. Qf3 h6 34. b3 1-0

[Event "Wch U18"]
[Site "Al Ain"]
[Date "2013.12.23"]
[Round "10"]
[White "Bargandzhiya, Zaza"]
[Black "El Jawich, Amro"]
[Result "1-0"]
[WhiteElo "2039"]
[BlackElo "2156"]
[PlyCount "89"]
[EventDate "2013.12.18"]
[EventType "swiss"]
[EventRounds "11"]
[EventCountry "UAE"]
[SourceTitle "CBM 158 Extra"]
[Source "ChessBase"]
[SourceDate "2014.02.28"]
[SourceVersion "1"]
[SourceVersionDate "2014.02.28"]
[SourceQuality "1"]

1. d4 Nf6 2. c4 g6 3. Nc3 Bg7 4. e4 d6 5. f3 0-0 6. Be3 c5 7. Nge2 Nc6 8. d5 Ne5 9. Ng3 h5 10. Be2 h4 11. Nf1 a6 12. a4 Bd7 13. Qd2 Qa5 14. Bg5 b5 15. Bxh4 bxc4 16. Ne3 Qb4 17. 0-0 Rab8 18. Ra2 Rfe8 19. Kh1 Rb7 20. Bf2 Reb8 21. h3 Bh6 22. Kh2 Bg7 23. Re1 Nh5 24. g3 Nd3 25. Bxd3 cxd3 26. Qxd3 Qb3 27. Rea1 Rb4 28. Nc2 c4 29. Qd2 Bxc3 30. bxc3 Rxa4 31. Nd4 Rxa2 32. Rxa2 Qb1 33. Nc6 Rb7 34. g4 Qf1 35. Qe2 Qxe2 36. Rxe2 Nf4 37. Ra2 e5 38. Bh4 Nd3 39. Rxa6 Rb2+ 40. Kg3 f5 41. gxf5 gxf5 42. Ne7+ Kf8 43. exf5 Kf7 44. Bg5 Bb5 45. Ra7 1-0

[Event "Doroshkevich Memorial op"]
[Site "Sochi"]
[Date "2012.11.29"]
[Round "4"]
[White "Bargandzhiya, Zaza"]
[Black "Sur, Viktor"]
[Result "1-0"]
[WhiteElo "2071"]
[BlackElo "1993"]
[PlyCount "69"]
[EventDate "2012.11.26"]
[EventType "swiss"]
[EventRounds "9"]
[EventCountry "RUS"]
[SourceTitle "EXT 2014"]
[Source "ChessBase"]
[SourceDate "2013.11.20"]
[SourceVersion "1"]
[SourceVersionDate "2013.11.20"]
[SourceQuality "1"]

1. e4 c5 2. Nf3 e6 3. d3 Nc6 4. c3 Nge7 5. g3 g6 6. Bg2 Bg7 7. Be3 d6 8. Qd2 Rb8 9. Bh6 0-0 10. h4 f6 11. Bxg7 Kxg7 12. Na3 b5 13. Nc2 d5 14. h5 g5 15. e5 h6 16. exf6+ Rxf6 17. d4 cxd4 18. cxd4 Qf8 19. Qe2 Ng8 20. 0-0 Bd7 21. Ne3 Be8 22. Ng4 Rf5 23. Nge5 Qd6 24. Nxc6 Qxc6 25. Bh3 Rf6 26. Ne5 Qb6 27. Qe3 Ne7 28. f4 Nf5 29. Bxf5 Rxf5 30. g4 gxf4 31. Rxf4 Rxf4 32. Qxf4 Qd8 33. Rf1 Rb7 34. Qf8+ Kh7 35. Ng6 1-0

[Event "Anapa op"]
[Site "Anapa"]
[Date "2012.09.07"]
[Round "8"]
[White "Evdokimenko, Valentin"]
[Black "Bargandzhiya, Zaza"]
[Result "0-1"]
[WhiteElo "2207"]
[BlackElo "2057"]
[PlyCount "74"]
[EventDate "2012.08.30"]
[EventType "swiss"]
[EventRounds "9"]
[EventCountry "RUS"]
[SourceTitle "CBM 150 Extra"]
[Source "ChessBase"]
[SourceDate "2012.10.19"]
[SourceVersion "1"]
[SourceVersionDate "2012.10.19"]
[SourceQuality "1"]

1. Nf3 Nf6 2. c4 g6 3. Nc3 Bg7 4. e4 d6 5. d4 0-0 6. Be2 e5 7. 0-0 Nc6 8. Be3 Ng4 9. Bg5 f6 10. Bh4 h5 11. h3 Nh6 12. dxe5 dxe5 13. Qd5+ Nf7 14. Rfd1 g5 15. Bg3 Qe7 16. Qb5 Nd6 17. Qb3 Be6 18. Nd5 Qf7 19. Qd3 Rfd8 20. Bf1 Rd7 21. Re1 Rad8 22. Qb1 g4 23. hxg4 hxg4 24. Nh4 Nd4 25. b3 c6 26. Ne3 Qh5 27. c5 Nf7 28. Bc4 Bxc4 29. Nxc4 Bh6 30. Ne3 Bg5 31. Nhf5 Bxe3 32. fxe3 Nxf5 33. exf5 Ng5 34. Qc2 Rd2 35. Qc4+ Kg7 36. Re2 Rxe2 37. Qxe2 Ne4 0-1

[Event "Anapa op"]
[Site "Anapa"]
[Date "2012.09.06"]
[Round "7"]
[White "Bargandzhiya, Zaza"]
[Black "Kontsevik, Georgy"]
[Result "1-0"]
[WhiteElo "2057"]
[BlackElo "1911"]
[PlyCount "67"]
[EventDate "2012.08.30"]
[EventType "swiss"]
[EventRounds "9"]
[EventCountry "RUS"]
[SourceTitle "CBM 150 Extra"]
[Source "ChessBase"]
[SourceDate "2012.10.19"]
[SourceVersion "1"]
[SourceVersionDate "2012.10.19"]
[SourceQuality "1"]

1. e4 e6 2. d3 c5 3. Nf3 d6 4. g3 g6 5. Bg2 Bg7 6. 0-0 Nc6 7. c3 Nge7 8. Be3 0-0 9. Nbd2 b5 10. d4 cxd4 11. cxd4 a5 12. Re1 Ba6 13. Nf1 Rb8 14. h4 Qd7 15. N1h2 a4 16. Qd2 Rfc8 17. Ng4 Nd8 18. Bg5 f5 19. exf5 gxf5 20. Nf6+ Bxf6 21. Bxf6 Nd5 22. Qg5+ Kf8 23. Qh6+ Kg8 24. Bxd8 Rxd8 25. Ng5 Nc7 26. Nxe6 Nxe6 27. Rxe6 Qg7 28. Qe3 b4 29. Bd5 Kf8 30. Re1 Bb5 31. Qf4 Bd3 32. Re7 Qg6 33. R1e6 Qh5 34. Qe3 1-0

[Event "Belorechensk Sarkisov Memorial op"]
[Site "Belorechensk"]
[Date "2012.05.31"]
[Round "9"]
[White "Bargandzhiya, Zaza"]
[Black "Dmitriev, Igor"]
[Result "1-0"]
[WhiteElo "2070"]
[BlackElo "2393"]
[PlyCount "183"]
[EventDate "2012.05.23"]
[EventType "swiss"]
[EventRounds "9"]
[EventCountry "RUS"]
[SourceTitle "CBM 148 Extra"]
[Source "ChessBase"]
[SourceDate "2012.06.22"]
[SourceVersion "1"]
[SourceVersionDate "2012.06.22"]
[SourceQuality "1"]

1. e4 a6 2. d4 d6 3. Nc3 Nc6 4. Be3 Nf6 5. f3 e5 6. Nge2 h5 7. Qd2 h4 8. d5 Ne7 9. 0-0-0 Ng6 10. Kb1 Be7 11. Nc1 Nh5 12. Bd3 Nhf4 13. g3 Nxd3 14. Nxd3 Bf6 15. f4 Bd7 16. f5 Nf8 17. Rhg1 Qe7 18. g4 g5 19. Rc1 Nh7 20. Ne2 a5 21. c4 b6 22. h3 0-0 23. Nc3 Rfc8 24. Kc2 Qd8 25. Kd1 Be7 26. Ke2 Be8 27. Kf3 Nf8 28. Rgd1 Nd7 29. a4 Nb8 30. b3 Na6 31. Kg2 f6 32. Kf3 Rcb8 33. Nb5 Qc8 34. Qc2 Qb7 35. Nf2 Rd8 36. Rd2 Rac8 37. Rcd1 Qb8 38. Qb1 Kf8 39. Kg2 Nb4 40. Nd3 Na6 41. Nf2 Qb7 42. Kf3 Kg7 43. Nd3 Bf8 44. Nf2 Be7 45. Kg2 Nb4 46. Kf3 Kf8 47. Nd3 Na6 48. Nf2 Ra8 49. Kg2 Nb4 50. Kf3 Kg7 51. Nd3 Na6 52. Nf2 Bf8 53. Kg2 Bd7 54. Kf3 Re8 55. Kg2 Nb4 56. Kf3 Rad8 57. Nd3 Na6 58. Nf2 Ra8 59. Kg2 Nb4 60. Kf3 Kg8 61. Nd3 Bxb5 62. cxb5 Nxd5 63. exd5 e4+ 64. Kf2 exd3 65. Qxd3 Bg7 66. Qc4 Re7 67. Qc6 Qxc6 68. bxc6 Rb8 69. b4 axb4 70. Rd4 Rbe8 71. R1d3 Re4 72. Rb3 R8e5 73. Kf3 Rxd4 74. Bxd4 Rxd5 75. Rxb4 Kf7 76. Rc4 Ke7 77. Ke4 Ra5 78. Ke3 Kd8 79. Bc3 Rd5 80. Ke4 Rd1 81. Rd4 Rc1 82. Rd3 Rc2 83. Kd5 Re2 84. Bd4 Ra2 85. Ke6 Ke8 86. Re3 Rxa4 87. Bxf6 Bxf6 88. Kxf6+ Kf8 89. Re7 Ra7 90. Rd7 Kg8 91. Kg6 Ra8 92. Rxc7 1-0

[Event "Sochi Rating"]
[Site "Sochi"]
[Date "2012.05.18"]
[Round "7"]
[White "Bargandzhiya, Zaza"]
[Black "Safarian, Armen A"]
[Result "0-1"]
[WhiteElo "2070"]
[BlackElo "2082"]
[PlyCount "138"]
[EventDate "2012.05.12"]
[EventType "tourn"]
[EventRounds "9"]
[EventCountry "RUS"]
[SourceTitle "EXT 2014"]
[Source "ChessBase"]
[SourceDate "2013.11.20"]
[SourceVersion "1"]
[SourceVersionDate "2013.11.20"]
[SourceQuality "1"]

1. e4 e5 2. Nf3 Nc6 3. Bb5 a6 4. Bxc6 dxc6 5. 0-0 f6 6. d4 exd4 7. Nxd4 c5 8. Nb3 Qxd1 9. Rxd1 Bd6 10. Nc3 Bg4 11. f3 Be6 12. Be3 b6 13. Nd5 0-0-0 14. a4 a5 15. Nd2 Ne7 16. Nc4 Bxd5 17. exd5 Rhe8 18. Bf2 Nf5 19. Re1 Bf8 20. Rxe8 Rxe8 21. Kf1 h5 22. c3 Bd6 23. g4 hxg4 24. fxg4 Nh6 25. Nxd6+ cxd6 26. h3 Nf7 27. Re1 Ne5 28. b4 axb4 29. cxb4 Kd7 30. Rb1 Kc7 31. a5 bxa5 32. bxc5 Nd3 33. cxd6+ Kxd6 34. Rb6+ Kxd5 35. Rb5+ Ke4 36. Rxa5 Kf3 37. Ra3 Rd8 38. Bb6 Rd7 39. Bf2 g6 40. Bh4 f5 41. gxf5 gxf5 42. Bg5 f4 43. Bxf4 Kxf4 44. Ke2 Nc1+ 45. Ke1 Ke4 46. Kf2 Nd3+ 47. Ke2 Nf4+ 48. Kf2 Rd2+ 49. Kg3 Rg2+ 50. Kh4 Kf5 51. Ra5+ Ke6 52. Ra6+ Ke5 53. Ra5+ Nd5 54. Ra4 Rg8 55. Rg4 Rh8+ 56. Kg3 Kf5 57. Rg7 Nf6 58. Ra7 Rb8 59. Ra5+ Ke6 60. Ra6+ Kf5 61. Ra4 Rb3+ 62. Kg2 Ne4 63. Ra8 Rg3+ 64. Kh2 Kf4 65. Rf8+ Ke3 66. Re8 Rg7 67. Rf8 Nd2 68. h4 Nf3+ 69. Kh3 Kf2 0-1

[Event "South FR-ch"]
[Site "Armavir"]
[Date "2012.03.??"]
[Round "4"]
[White "Bargandzhiya, Zaza"]
[Black "Kondenko, Alexey"]
[Result "0-1"]
[WhiteElo "2070"]
[BlackElo "2222"]
[PlyCount "114"]
[EventDate "2012.03.11"]
[EventType "swiss"]
[EventRounds "9"]
[EventCountry "RUS"]
[SourceTitle "EXT 2023"]
[Source "ChessBase"]
[SourceDate "2022.10.05"]
[SourceVersion "1"]
[SourceVersionDate "2022.10.05"]
[SourceQuality "1"]

1. e4 c5 2. Nf3 e6 3. d4 cxd4 4. Nxd4 Nf6 5. Nc3 d6 6. Be2 Be7 7. 0-0 Nc6 8. Be3 0-0 9. f4 Bd7 10. Kh1 Nxd4 11. Bxd4 Bc6 12. Bd3 g6 13. Qe1 Nh5 14. f5 e5 15. Be3 Bg5 16. Bc4 Rc8 17. Bb3 Bxe3 18. Qxe3 Qh4 19. Rad1 Rcd8 20. fxg6 hxg6 21. Rf3 Kg7 22. Rdf1 f5 23. Bd5 Bxd5 24. exd5 a6 25. Rh3 Qg4 26. Kg1 Rd7 27. Ne2 f4 28. Qd3 Rf5 29. Qf3 Nf6 30. Nc3 Rc7 31. Re1 Qxf3 32. gxf3 Rc5 33. Rd1 b5 34. Kf1 Rc4 35. Rd2 b4 36. Na4 a5 37. b3 Rd4 38. Rxd4 exd4 39. Ke2 Nxd5 40. Kd3 Nf6 41. Nb6 Rc5 42. Nc4 d5 43. Kxd4 Rc6 44. Nxa5 Rxc2 45. Kd3 Rxa2 46. Nc6 Rb2 47. Nd4 g5 48. Nf5+ Kg6 49. Nd4 Nh5 50. Nc6 Rxb3+ 51. Kd4 Nf6 52. Rh8 Rxf3 53. Nxb4 Rf1 54. Rd8 Rd1+ 55. Ke5 Re1+ 56. Kd4 Re4+ 57. Kc3 f3 0-1

[Event "South FR-ch"]
[Site "Armavir"]
[Date "2012.03.??"]
[Round "9"]
[White "Bargandzhiya, Zaza"]
[Black "Zalitko, Ivan"]
[Result "1-0"]
[WhiteElo "2070"]
[BlackElo "1812"]
[PlyCount "115"]
[EventDate "2012.03.11"]
[EventType "swiss"]
[EventRounds "9"]
[EventCountry "RUS"]
[SourceTitle "EXT 2023"]
[Source "ChessBase"]
[SourceDate "2022.10.05"]
[SourceVersion "1"]
[SourceVersionDate "2022.10.05"]
[SourceQuality "1"]

1. Nf3 Nf6 2. d4 d5 3. c4 e6 4. g3 Be7 5. Bg2 0-0 6. 0-0 b6 7. Bf4 Bb7 8. cxd5 exd5 9. Nc3 Nh5 10. Bd2 Nf6 11. Rc1 a6 12. Bf4 Bd6 13. Ne5 h6 14. Qb3 c6 15. e4 dxe4 16. Nxe4 Nxe4 17. Bxe4 Bxe5 18. dxe5 Bc8 19. Rfd1 Qe7 20. Qxb6 Be6 21. Be3 Nd7 22. Qxc6 Nxe5 23. Qc5 Qf6 24. Bf4 Nd7 25. Qd4 Qxd4 26. Rxd4 Rac8 27. Rcd1 Nf6 28. Bb7 Rc2 29. R4d2 Rxd2 30. Rxd2 Bxa2 31. Bxa6 Re8 32. Bb7 Re1+ 33. Kg2 Ne4 34. Rd8+ Kh7 35. Be3 Bb1 36. b4 Nc3 37. Bd2 Rd1 38. Bf3 Be4 39. Rd4 Bxf3+ 40. Kxf3 Nb5 41. Ke2 Rb1 42. Rd7 Kg6 43. Kd3 f6 44. Rb7 Nd6 45. Rb6 Nc8 46. Rb8 Nd6 47. Kc2 Rf1 48. Be3 Rh1 49. h4 Ne4 50. Kd3 f5 51. Ke2 Rb1 52. Bd4 Rb3 53. Rb7 Nf6 54. b5 Nh5 55. b6 f4 56. g4 f3+ 57. Kd2 Nf6 58. h5+ 1-0

[Event "South FR-ch U18"]
[Site "Loo"]
[Date "2011.11.06"]
[Round "5"]
[White "Kishibaev, Islam"]
[Black "Bargandzhiya, Zaza"]
[Result "1-0"]
[WhiteElo "2029"]
[BlackElo "1999"]
[PlyCount "67"]
[EventDate "2011.11.02"]
[EventType "swiss"]
[EventRounds "9"]
[EventCountry "RUS"]
[SourceTitle "EXT 2023"]
[Source "ChessBase"]
[SourceDate "2022.10.05"]
[SourceVersion "1"]
[SourceVersionDate "2022.10.05"]
[SourceQuality "1"]

1. d3 d5 2. g3 e5 3. Bg2 Be6 4. Nd2 Nc6 5. Ngf3 Bc5 6. 0-0 f6 7. e4 Nge7 8. c3 0-0 9. b4 Bb6 10. a4 d4 11. a5 dxc3 12. axb6 cxd2 13. bxc7 Qxc7 14. Qxd2 Qb6 15. Rb1 Rfd8 16. Rd1 Rac8 17. b5 Nd4 18. Nxd4 exd4 19. Ba3 Ng6 20. Bb4 Qc7 21. f4 Bg4 22. Rdc1 Qd7 23. Rxc8 Rxc8 24. Qa2+ Kh8 25. Qxa7 Be2 26. Bf1 Nxf4 27. gxf4 Qg4+ 28. Bg2 Bxd3 29. Re1 h6 30. Qxb7 Rc2 31. e5 f5 32. Qf3 Qg6 33. Qg3 Qb6 34. Qxd3 1-0

[Event "South FR-ch U18"]
[Site "Loo"]
[Date "2011.11.03"]
[Round "2"]
[White "Reva, Kirill"]
[Black "Bargandzhiya, Zaza"]
[Result "1/2-1/2"]
[WhiteElo "1908"]
[BlackElo "1999"]
[PlyCount "68"]
[EventDate "2011.11.02"]
[EventType "swiss"]
[EventRounds "9"]
[EventCountry "RUS"]
[SourceTitle "EXT 2023"]
[Source "ChessBase"]
[SourceDate "2022.10.05"]
[SourceVersion "1"]
[SourceVersionDate "2022.10.05"]
[SourceQuality "1"]

1. c4 g6 2. Nc3 Bg7 3. g3 e5 4. Bg2 d6 5. d3 Nc6 6. e3 Nh6 7. Nge2 0-0 8. 0-0 Be6 9. Rb1 Qd7 10. Nd5 Bh3 11. e4 Bxg2 12. Kxg2 f5 13. b4 Nd4 14. Nxd4 exd4 15. Bxh6 Bxh6 16. exf5 c6 17. fxg6 hxg6 18. Nf4 Bxf4 19. gxf4 Rxf4 20. f3 Re8 21. Qd2 Re3 22. Rbe1 Rh4 23. Qf2 Qh3+ 24. Kg1 Kf7 25. Qg3 Rxd3 26. Qxd6 Re3 27. Rxe3 dxe3 28. Rd1 Rg4+ 29. fxg4 Qxg4+ 30. Kh1 Qf3+ 31. Kg1 Qf2+ 32. Kh1 Qf3+ 33. Kg1 Qf2+ 34. Kh1 Qf3+ 1/2-1/2

[Event "Krasnodar Region-ch"]
[Site "Krasnodar"]
[Date "2011.10.18"]
[Round "5"]
[White "Panarin, Vladimir"]
[Black "Bargandzhiya, Zaza"]
[Result "0-1"]
[WhiteElo "2145"]
[BlackElo "1839"]
[PlyCount "102"]
[EventDate "2011.10.14"]
[EventType "swiss"]
[EventRounds "9"]
[EventCountry "RUS"]
[SourceTitle "EXT 2022"]
[Source "ChessBase"]
[SourceDate "2021.10.06"]
[SourceVersion "1"]
[SourceVersionDate "2021.10.06"]
[SourceQuality "1"]

1. d4 Nf6 2. c4 g6 3. Nc3 Bg7 4. g3 0-0 5. Bg2 d6 6. Nf3 Nc6 7. d5 Na5 8. Nd2 c5 9. 0-0 Rb8 10. Qc2 a6 11. b3 b5 12. Bb2 Ng4 13. h3 Ne5 14. f4 Nd7 15. e4 e6 16. dxe6 fxe6 17. cxb5 axb5 18. Nf3 Nc6 19. Ne2 Nf6 20. a3 Qb6 21. Kh2 d5 22. exd5 exd5 23. Nh4 d4 24. Rac1 Re8 25. Rf2 Re3 26. Ng1 Na5 27. Qxc5 Qxc5 28. Rxc5 Nxb3 29. Rc7 Be6 30. f5 Bf7 31. fxg6 hxg6 32. Nhf3 Ne4 33. Rf1 Nxg3 34. Rd1 Nf5 35. Kh1 Rd8 36. Ng5 Bc4 37. N1f3 Rde8 38. a4 Re2 39. Ba3 Rxg2 40. Kxg2 Ne3+ 41. Kg3 Nxd1 42. axb5 Bxb5 43. Rb7 Nc3 44. Bb4 Bc6 45. Rb6 Bxf3 46. Kxf3 Nd5 47. Rb5 Nxb4 48. Rxb4 Nd2+ 49. Kg4 Ne4 50. Nf3 d3 51. Rb7 d2 0-1

[Event "Krasnodar Region-ch"]
[Site "Krasnodar"]
[Date "2011.10.17"]
[Round "4"]
[White "Bargandzhiya, Zaza"]
[Black "Tsiss, Alexander"]
[Result "1/2-1/2"]
[WhiteElo "1839"]
[BlackElo "2295"]
[PlyCount "80"]
[EventDate "2011.10.14"]
[EventType "swiss"]
[EventRounds "9"]
[EventCountry "RUS"]
[SourceTitle "EXT 2022"]
[Source "ChessBase"]
[SourceDate "2021.10.06"]
[SourceVersion "1"]
[SourceVersionDate "2021.10.06"]
[SourceQuality "1"]

1. e4 c5 2. Nf3 e6 3. d4 cxd4 4. Nxd4 Nf6 5. Nc3 Nc6 6. Ndb5 d6 7. Bf4 e5 8. Bg5 a6 9. Na3 Be6 10. Nc4 Rc8 11. Ne3 Be7 12. Bxf6 Bxf6 13. Ned5 Bg5 14. Bd3 0-0 15. 0-0 g6 16. Kh1 Bh6 17. Ne2 Bxd5 18. exd5 Ne7 19. c4 f5 20. b3 Kh8 21. f4 exf4 22. Nd4 Qb6 23. Ne6 Rf7 24. b4 Qe3 25. Re1 Qf2 26. Bf1 Re8 27. Re2 Qh4 28. Qd4+ Kg8 29. Rae1 Nc8 30. c5 Rfe7 31. a4 Bg5 32. Qd3 Bf6 33. b5 axb5 34. axb5 b6 35. c6 Be5 36. Qf3 g5 37. g3 fxg3 38. Rg2 f4 39. Be2 Kh8 40. Rf1 Rg8 1/2-1/2

[Event "Voronezh op-A 15th"]
[Site "Voronezh"]
[Date "2011.06.21"]
[Round "9"]
[White "Sukhareva, Valentina"]
[Black "Bargandzhiya, Zaza"]
[Result "1/2-1/2"]
[WhiteElo "1947"]
[BlackElo "2066"]
[PlyCount "124"]
[EventDate "2011.06.12"]
[EventType "swiss"]
[EventRounds "9"]
[EventCountry "RUS"]
[SourceTitle "CBM 143 Extra"]
[Source "ChessBase"]
[SourceDate "2011.08.29"]
[SourceVersion "1"]
[SourceVersionDate "2011.08.29"]
[SourceQuality "1"]

1. d4 Nf6 2. c4 g6 3. Nc3 Bg7 4. e4 0-0 5. Bg5 d6 6. Qd2 c5 7. d5 a6 8. f4 Qa5 9. Nf3 b5 10. e5 b4 11. exf6 bxc3 12. Qxc3 Qxc3+ 13. bxc3 exf6 14. Bh4 Re8+ 15. Kd2 Bf5 16. Bd3 Bxd3 17. Kxd3 Nd7 18. g4 Rab8 19. Rab1 Kf8 20. Rb3 Rxb3 21. axb3 h6 22. Bf2 g5 23. Ra1 gxf4 24. Rxa6 Ne5+ 25. Nxe5 fxe5 26. Ke4 Rb8 27. Rxd6 Rxb3 28. Bxc5 Ke8 29. Bb4 Rb2 30. Ra6 Re2+ 31. Kf3 Re3+ 32. Kf2 e4 33. Ra8+ Kd7 34. Ra7+ Kc8 35. Rxf7 Rf3+ 36. Ke2 Re3+ 37. Kd2 Rd3+ 38. Ke2 f3+ 39. Kf2 Bxc3 40. Rf8+ Kb7 41. Bxc3 Rxc3 42. h4 Rxc4 43. Ke3 Kc7 44. Rf6 Kd7 45. Rxh6 Rc3+ 46. Kxe4 f2 47. Rf6 Rc4+ 48. Ke5 Rxg4 49. Rxf2 Rxh4 50. Rf7+ Ke8 51. Ra7 Rh6 52. Kd4 Kd8 53. Kc5 Rg6 54. Rh7 Kc8 55. Ra7 Kd8 56. Ra1 Kd7 57. Rc1 Rh6 58. Kb5 Rh2 59. Kc5 Rh6 60. Ra1 Rg6 61. Ra7+ Kd8 62. Rh7 Kc8 1/2-1/2

[Event "Yuzhny FO-ch op"]
[Site "Armavir"]
[Date "2011.03.20"]
[Round "9"]
[White "Bargandzhiya, Zaza"]
[Black "Kvanin, Georgy"]
[Result "1-0"]
[WhiteElo "2079"]
[BlackElo "1965"]
[PlyCount "49"]
[EventDate "2011.03.12"]
[EventType "swiss"]
[EventRounds "9"]
[EventCountry "RUS"]
[SourceTitle "CBM 141 Extra"]
[Source "ChessBase"]
[SourceDate "2011.05.03"]
[SourceVersion "1"]
[SourceVersionDate "2011.05.03"]
[SourceQuality "1"]

1. e4 e5 2. Nf3 d6 3. d4 exd4 4. Nxd4 Nf6 5. Nc3 Be7 6. Bd3 a6 7. 0-0 0-0 8. Re1 c5 9. Nf5 Bxf5 10. exf5 Nc6 11. Bg5 d5 12. Qf3 c4 13. Bf1 Nb4 14. Rad1 Nxc2 15. Rxe7 Qxe7 16. Nxd5 Qe5 17. Nxf6+ gxf6 18. Bh6 Kh8 19. Bxf8 Rxf8 20. Qxb7 Nd4 21. Bxc4 Re8 22. h3 Nxf5 23. Qxf7 Nh6 24. Qd5 Qxb2 25. Qh5 1-0

[Event "Yuzhny FO-ch op"]
[Site "Armavir"]
[Date "2011.03.17"]
[Round "6"]
[White "Bargandzhiya, Zaza"]
[Black "Sukhareva, Valentina"]
[Result "1/2-1/2"]
[WhiteElo "2079"]
[BlackElo "1936"]
[PlyCount "104"]
[EventDate "2011.03.12"]
[EventType "swiss"]
[EventRounds "9"]
[EventCountry "RUS"]
[SourceTitle "CBM 141 Extra"]
[Source "ChessBase"]
[SourceDate "2011.05.03"]
[SourceVersion "1"]
[SourceVersionDate "2011.05.03"]
[SourceQuality "1"]

1. e4 e5 2. Nf3 d6 3. d4 Nd7 4. Nc3 c6 5. Bc4 Be7 6. 0-0 h6 7. Re1 Ngf6 8. a4 Qc7 9. b3 Nf8 10. Ba3 g5 11. Qd2 Ng6 12. Red1 Bg4 13. Be2 Nf4 14. Qe3 a6 15. dxe5 dxe5 16. Bxe7 Qxe7 17. g3 Nxe2+ 18. Nxe2 Nd7 19. a5 h5 20. Nd2 Qc5 21. Qxc5 Nxc5 22. f3 Be6 23. Nc3 0-0-0 24. Kf2 Kc7 25. Nf1 f5 26. exf5 Bxf5 27. Ne3 Bg6 28. Rxd8 Rxd8 29. Rd1 Rf8 30. b4 Ne6 31. Nc4 e4 32. Ne5 Rf5 33. f4 Be8 34. Nxe4 gxf4 35. Nd6 Rf8 36. Nxe8+ Rxe8 37. gxf4 Nxf4 38. Nd3 Nd5 39. Rg1 Re4 40. Rg7+ Kc8 41. Rxb7 Rh4 42. Ra7 Nc7 43. Nc5 Rxh2+ 44. Kg3 Rxc2 45. Nxa6 Nd5 46. Rh7 Rc3+ 47. Kh4 Rc4+ 48. Kg3 Rg4+ 49. Kf3 Rh4 50. Rh8+ Kb7 51. Nc5+ Ka7 52. Rh7+ Ka8 1/2-1/2